000 00755nam a2200241 a 4500
001 21474
003 CO-ViMGA
008 141112s2004 ck r 000 u spa d
020 _a8426117341
040 _aCO-ViMGA
_bspa
_cCO-ViMGA
082 0 4 _aOXEm
100 1 _aOxenbury, Helen
_930672
245 1 0 _aAmigos
260 _aMadrid :
_bJuventud,
_c2001
300 _a13
490 _aLibros del chiquitín
500 _aLibros para bebes.
590 _aForma de adquisición : Donación fact. 8847 - - Precio : 23600 - - Proveedor : Fundación exito - - Fecha de adquisición : Junio 2007
650 1 4 _aALBUMES INFANTILES INGLESES
_930673
650 1 4 _aCUENTOS INFANTILES
_92743
650 1 4 _aLIBROS ILUSTRADOS PARA NIÑOS
_92001
942 _2ddc
_cBK
999 _c30078
_d30078